00658 2200241 4500001002100000005001500021035002000036245007800056100002000134250000600154300003500160700002300195260003000218082000800248084001400256020002200270650003900292990001700331990001700348990001700365990001700382990001700399INLIS00000000000052720181205111025 a0010-12180000131 aSukses Budidaya Vanili /cIr. Budi Samadi; Penyunting, Yana Sutisna, S.Si0 aIr. Budi Samadi a- avi, 50 hlm. :bilus. ;c25 cm.0 aYana Sutisna, S.Si aBandung :bAngkasa,c2009 a613 a613 BUD s a978-979-665-898-8 aPengembangbiakan Tanaman Pertanian a01880/P/2018 a01881/P/2018 a01882/P/2018 a01883/P/2018 a01884/P/2018